[Event "DEM U10 2021"]
[Site "Willingen GER"]
[Date "2021.08.25"]
[Round "5"]
[White "Merenda, Lukas-Benedikt"]
[Black "Nemitz, Alfred"]
[Result "0-1"]
[Termination "normal"]
[Board "3"]
[WhiteElo "1222"]
[BlackElo "1280"]
[WhiteClock "00:14:55"]
[BlackClock "00:13:08"]
[PlyCount "136"]
[WhiteFideId "34603336"]
[BlackFideId "34601791"]
[EventCountry "GER"]
[EventRounds "11"]
[EventType "swiss"]
[EventDate "2021.08.22"]

1. e4 {[%clk 01:15:59]} {[%emt 00:00:02]} d6 {[%clk 01:15:47]} {[%emt
00:00:12]} 2. d4 {[%clk 01:16:22]} {[%emt 00:00:07]} Nf6 {[%clk 01:16:12]}
{[%emt 00:00:05]} 3. Nc3 {[%clk 01:16:33]} {[%emt 00:00:20]} Nbd7 {[%clk
01:16:16]} {[%emt 00:00:25]} 4. f4 {[%clk 01:16:20]} {[%emt 00:00:43]} e5
{[%clk 01:16:22]} {[%emt 00:00:25]} 5. dxe5 {[%clk 01:16:22]} {[%emt 00:00:28]}
dxe5 {[%clk 01:16:41]} {[%emt 00:00:09]} 6. fxe5 {[%clk 01:16:31]} {[%emt
00:00:21]} Nxe5 {[%clk 01:16:30]} {[%emt 00:00:41]} 7. Qxd8+ {[%clk 01:16:58]}
{[%emt 00:00:05]} Kxd8 {[%clk 01:16:49]} {[%emt 00:00:10]} 8. h3 {[%clk
01:16:53]} {[%emt 00:00:35]} Bb4 {[%clk 01:16:15]} {[%emt 00:01:04]} 9. Bf4
{[%clk 01:16:42]} {[%emt 00:00:41]} Ng6 {[%clk 01:16:31]} {[%emt 00:00:14]} 10.
O-O-O+ {[%clk 01:16:58]} {[%emt 00:00:14]} Bd7 {[%clk 01:16:22]} {[%emt
00:00:40]} 11. Bg5 {[%clk 01:17:20]} {[%emt 00:00:07]} Bxc3 {[%clk 01:10:59]}
{[%emt 00:05:53]} 12. bxc3 {[%clk 01:17:40]} {[%emt 00:00:10]} Re8 {[%clk
01:10:29]} {[%emt 00:01:01]} 13. g3 {[%clk 01:14:03]} {[%emt 00:04:06]} Rxe4
{[%clk 01:04:37]} {[%emt 00:06:20]} 14. Bg2 {[%clk 01:12:29]} {[%emt 00:02:06]}
Rc4 {[%clk 01:04:33]} {[%emt 00:00:33]} 15. Bxb7 {[%clk 01:11:35]} {[%emt
00:01:25]} Rb8 {[%clk 01:04:59]} {[%emt 00:00:05]} 16. Bd5 {[%clk 01:11:03]}
{[%emt 00:01:00]} Rxc3 {[%clk 01:04:13]} {[%emt 00:01:17]} 17. Bxf7 {[%clk
01:11:27]} {[%emt 00:00:06]} Rxg3 {[%clk 01:01:41]} {[%emt 00:03:02]} 18. Bxf6+
{[%clk 01:11:42]} {[%emt 00:00:15]} gxf6 {[%clk 01:02:04]} {[%emt 00:00:08]}
19. Be6 {[%clk 01:11:30]} {[%emt 00:00:42]} Nf8 {[%clk 01:02:28]} {[%emt
00:00:04]} 20. Ne2 {[%clk 01:03:51]} {[%emt 00:08:10]} Re3 {[%clk 00:46:44]}
{[%emt 00:16:13]} 21. Nd4 {[%clk 01:02:47]} {[%emt 00:01:35]} Rxe6 {[%clk
00:44:17]} {[%emt 00:02:56]} 22. Nxe6+ {[%clk 01:02:13]} {[%emt 00:01:04]} Nxe6
{[%clk 00:43:50]} {[%emt 00:00:57]} 23. Rd2 {[%clk 01:01:37]} {[%emt 00:01:06]}
Ke7 {[%clk 00:42:26]} {[%emt 00:01:54]} 24. Re1 {[%clk 01:01:02]} {[%emt
00:01:05]} Rg8 {[%clk 00:41:04]} {[%emt 00:01:53]} 25. Rd3 {[%clk 01:00:57]}
{[%emt 00:00:35]} Rg5 {[%clk 00:34:30]} {[%emt 00:07:04]} 26. Kb2 {[%clk
00:50:09]} {[%emt 00:11:18]} a5 {[%clk 00:29:22]} {[%emt 00:05:37]} 27. c4
{[%clk 00:46:03]} {[%emt 00:04:36]} Rc5 {[%clk 00:24:59]} {[%emt 00:04:53]} 28.
Rd5 {[%clk 00:46:09]} {[%emt 00:00:25]} Rxc4 {[%clk 00:21:06]} {[%emt
00:04:23]} 29. Rxa5 {[%clk 00:44:41]} {[%emt 00:01:58]} Rh4 {[%clk 00:21:16]}
{[%emt 00:00:19]} 30. Re3 {[%clk 00:42:02]} {[%emt 00:03:10]} c6 {[%clk
00:19:04]} {[%emt 00:02:43]} 31. Kc3 {[%clk 00:39:38]} {[%emt 00:02:53]} Kd8
{[%clk 00:13:42]} {[%emt 00:05:51]} 32. Rf3 {[%clk 00:26:34]} {[%emt 00:13:33]}
Ng5 {[%clk 00:11:30]} {[%emt 00:02:40]} 33. Rd3 {[%clk 00:24:59]} {[%emt
00:02:08]} Rxh3 {[%clk 00:09:08]} {[%emt 00:02:52]} 34. Ra8+ {[%clk 00:24:05]}
{[%emt 00:01:25]} Ke7 {[%clk 00:09:23]} {[%emt 00:00:16]} 35. a4 {[%clk
00:20:52]} {[%emt 00:03:43]} Ne4+ {[%clk 00:09:07]} {[%emt 00:00:44]} 36. Kc2
{[%clk 00:20:09]} {[%emt 00:01:14]} Rh2+ {[%clk 00:09:13]} {[%emt 00:00:24]}
37. Kc1 {[%clk 00:18:52]} {[%emt 00:01:47]} Nc5 {[%clk 00:08:55]} {[%emt
00:00:48]} 38. Rc3 {[%clk 00:16:17]} {[%emt 00:03:05]} Kd6 {[%clk 00:07:35]}
{[%emt 00:01:48]} 39. a5 {[%clk 00:13:09]} {[%emt 00:03:40]} Rh1+ {[%clk
00:07:56]} {[%emt 00:00:07]} 40. Kb2 {[%clk 00:12:07]} {[%emt 00:01:33]} Na4+
{[%clk 00:07:35]} {[%emt 00:00:52]} 41. Kb3 {[%clk 00:12:17]} {[%emt 00:00:20]}
Nxc3 {[%clk 00:07:23]} {[%emt 00:00:41]} 42. Kxc3 {[%clk 00:11:41]} {[%emt
00:01:05]} h5 {[%clk 00:06:47]} {[%emt 00:01:06]} 43. a6 {[%clk 00:11:09]}
{[%emt 00:01:03]} Ra1 {[%clk 00:07:05]} {[%emt 00:00:11]} 44. a7 {[%clk
00:11:29]} {[%emt 00:00:11]} h4 {[%clk 00:07:01]} {[%emt 00:00:33]} 45. Rh8
{[%clk 00:11:41]} {[%emt 00:00:19]} Rxa7 {[%clk 00:07:22]} {[%emt 00:00:10]}
46. Rxh4 {[%clk 00:12:03]} {[%emt 00:00:08]} c5 {[%clk 00:07:21]} {[%emt
00:00:30]} 47. Rh6 {[%clk 00:12:14]} {[%emt 00:00:19]} Ke5 {[%clk 00:07:34]}
{[%emt 00:00:16]} 48. Kc4 {[%clk 00:12:09]} {[%emt 00:00:37]} Rc7 {[%clk
00:07:41]} {[%emt 00:00:21]} 49. Rh2 {[%clk 00:12:21]} {[%emt 00:00:19]} Be6+
{[%clk 00:08:06]} {[%emt 00:00:05]} 50. Kc3 {[%clk 00:12:42]} {[%emt 00:00:11]}
Bd5 {[%clk 00:08:27]} {[%emt 00:00:07]} 51. Re2+ {[%clk 00:13:05]} {[%emt
00:00:08]} Be4 {[%clk 00:08:50]} {[%emt 00:00:06]} 52. Kc4 {[%clk 00:13:08]}
{[%emt 00:00:28]} f5 {[%clk 00:09:14]} {[%emt 00:00:04]} 53. Kc3 {[%clk
00:13:12]} {[%emt 00:00:28]} f4 {[%clk 00:09:37]} {[%emt 00:00:06]} 54. Kd2
{[%clk 00:13:36]} {[%emt 00:00:07]} Kd4 {[%clk 00:10:01]} {[%emt 00:00:05]} 55.
Ke1 {[%clk 00:13:55]} {[%emt 00:00:12]} f3 {[%clk 00:10:24]} {[%emt 00:00:06]}
56. Rd2+ {[%clk 00:13:50]} {[%emt 00:00:35]} Ke3 {[%clk 00:10:45]} {[%emt
00:00:10]} 57. Re2+ {[%clk 00:13:58]} {[%emt 00:00:24]} Kf4 {[%clk 00:11:10]}
{[%emt 00:00:04]} 58. Rd2 {[%clk 00:13:52]} {[%emt 00:00:36]} c4 {[%clk
00:11:36]} {[%emt 00:00:04]} 59. Kf2 {[%clk 00:13:40]} {[%emt 00:00:42]} c3
{[%clk 00:11:55]} {[%emt 00:00:12]} 60. Rd1 {[%clk 00:14:05]} {[%emt 00:00:05]}
c2 {[%clk 00:12:20]} {[%emt 00:00:04]} 61. Rc1 {[%clk 00:14:30]} {[%emt
00:00:05]} Rh7 {[%clk 00:11:35]} {[%emt 00:01:14]} 62. Rh1 {[%clk 00:14:01]}
{[%emt 00:01:00]} Rh2+ {[%clk 00:10:57]} {[%emt 00:01:08]} 63. Rxh2 {[%clk
00:13:58]} {[%emt 00:00:33]} c1=Q {[%clk 00:11:19]} {[%emt 00:00:07]} 64. Rh4+
{[%clk 00:14:09]} {[%emt 00:00:21]} Ke5 {[%clk 00:11:42]} {[%emt 00:00:06]} 65.
Kg3 {[%clk 00:13:49]} {[%emt 00:00:51]} Qg1+ {[%clk 00:12:02]} {[%emt
00:00:09]} 66. Kh3 {[%clk 00:14:12]} {[%emt 00:00:08]} Bf5+ {[%clk 00:12:19]}
{[%emt 00:00:12]} 67. Rg4 {[%clk 00:14:35]} {[%emt 00:00:07]} Qg2+ {[%clk
00:12:43]} {[%emt 00:00:07]} 68. Kh4 {[%clk 00:14:55]} {[%emt 00:00:09]} Qxg4+
{[%clk 00:13:08]} {[%emt 00:00:05]} 0-1

[Event "DEM U10 2021"]
[Site "Willingen GER"]
[Date "2021.08.25"]
[Round "5"]
[White "Fadeev, Justin Michael"]
[Black "Polzin, Gustav"]
[Result "0-1"]
[Termination "normal"]
[Board "4"]
[WhiteElo "1323"]
[BlackElo "1618"]
[WhiteClock "00:32:29"]
[BlackClock "00:28:53"]
[PlyCount "78"]
[WhiteFideId "34602968"]
[BlackFideId "34603280"]
[EventCountry "GER"]
[EventRounds "11"]
[EventType "swiss"]
[EventDate "2021.08.22"]

1. e4 {[%clk 01:15:58]} {[%emt 00:00:03]} c5 {[%clk 01:15:54]} {[%emt
00:00:05]} 2. Nf3 {[%clk 01:16:00]} {[%emt 00:00:28]} e6 {[%clk 01:15:42]}
{[%emt 00:00:42]} 3. d4 {[%clk 01:15:42]} {[%emt 00:00:49]} cxd4 {[%clk
01:15:25]} {[%emt 00:00:47]} 4. Nxd4 {[%clk 01:16:01]} {[%emt 00:00:10]} a6
{[%clk 01:15:39]} {[%emt 00:00:17]} 5. Bd3 {[%clk 01:16:13]} {[%emt 00:00:16]}
Nf6 {[%clk 01:15:58]} {[%emt 00:00:11]} 6. O-O {[%clk 01:16:00]} {[%emt
00:00:42]} Qc7 {[%clk 01:15:55]} {[%emt 00:00:35]} 7. Qe2 {[%clk 01:15:50]}
{[%emt 00:00:40]} d6 {[%clk 01:15:55]} {[%emt 00:00:28]} 8. c4 {[%clk
01:15:59]} {[%emt 00:00:22]} g6 {[%clk 01:15:59]} {[%emt 00:00:26]} 9. Nc3
{[%clk 01:15:51]} {[%emt 00:00:38]} Bg7 {[%clk 01:16:09]} {[%emt 00:00:21]} 10.
Re1 {[%clk 01:15:40]} {[%emt 00:00:40]} O-O {[%clk 01:15:31]} {[%emt 00:01:09]}
11. Be3 {[%clk 01:15:57]} {[%emt 00:00:12]} Nbd7 {[%clk 01:14:48]} {[%emt
00:01:13]} 12. Rac1 {[%clk 01:15:35]} {[%emt 00:00:52]} b6 {[%clk 01:14:39]}
{[%emt 00:00:40]} 13. Red1 {[%clk 01:15:00]} {[%emt 00:01:04]} Bb7 {[%clk
01:14:23]} {[%emt 00:00:47]} 14. Nb3 {[%clk 01:14:23]} {[%emt 00:01:06]} Rfd8
{[%clk 01:13:16]} {[%emt 00:01:37]} 15. f3 {[%clk 01:13:00]} {[%emt 00:01:53]}
Rac8 {[%clk 01:10:54]} {[%emt 00:02:54]} 16. Qd2 {[%clk 01:12:15]} {[%emt
00:01:14]} Qb8 {[%clk 01:08:39]} {[%emt 00:02:44]} 17. Be2 {[%clk 01:11:17]}
{[%emt 00:01:27]} Nc5 {[%clk 01:02:45]} {[%emt 00:06:25]} 18. Nd4 {[%clk
01:08:45]} {[%emt 00:03:02]} Ba8 {[%clk 01:01:30]} {[%emt 00:01:45]} 19. b4
{[%clk 01:07:00]} {[%emt 00:02:14]} Ncd7 {[%clk 01:00:46]} {[%emt 00:01:15]}
20. Nb3 {[%clk 01:04:47]} {[%emt 00:02:44]} Ne5 {[%clk 00:59:40]} {[%emt
00:01:34]} 21. Na4 {[%clk 01:02:55]} {[%emt 00:02:23]} b5 {[%clk 00:56:12]}
{[%emt 00:03:58]} 22. Nb6 {[%clk 01:02:00]} {[%emt 00:01:24]} Rc6 {[%clk
00:55:04]} {[%emt 00:01:38]} 23. Nxa8 {[%clk 01:01:44]} {[%emt 00:00:46]} Qxa8
{[%clk 00:44:08]} {[%emt 00:11:26]} 24. cxb5 {[%clk 01:00:00]} {[%emt
00:02:14]} axb5 {[%clk 00:42:47]} {[%emt 00:01:52]} 25. Bxb5 {[%clk 00:59:47]}
{[%emt 00:00:42]} Rxc1 {[%clk 00:42:47]} {[%emt 00:00:30]} 26. Rxc1 {[%clk
00:59:47]} {[%emt 00:00:29]} d5 {[%clk 00:42:33]} {[%emt 00:00:44]} 27. Bb6
{[%clk 00:54:12]} {[%emt 00:06:05]} Rb8 {[%clk 00:42:12]} {[%emt 00:00:50]} 28.
Bc7 {[%clk 00:50:14]} {[%emt 00:04:28]} Nxf3+ {[%clk 00:40:04]} {[%emt
00:02:38]} 29. gxf3 {[%clk 00:50:21]} {[%emt 00:00:23]} Rxb5 {[%clk 00:40:25]}
{[%emt 00:00:09]} 30. Nc5 {[%clk 00:42:31]} {[%emt 00:08:21]} Qa3 {[%clk
00:38:15]} {[%emt 00:02:39]} 31. Nd3 {[%clk 00:37:20]} {[%emt 00:05:41]} dxe4
{[%clk 00:36:18]} {[%emt 00:02:27]} 32. Be5 {[%clk 00:35:17]} {[%emt 00:02:33]}
Qxd3 {[%clk 00:31:28]} {[%emt 00:05:21]} 33. Rc8+ {[%clk 00:35:37]} {[%emt
00:00:10]} Bf8 {[%clk 00:30:09]} {[%emt 00:01:49]} 34. Qh6 {[%clk 00:34:53]}
{[%emt 00:01:14]} Qd1+ {[%clk 00:29:29]} {[%emt 00:01:09]} 35. Kg2 {[%clk
00:34:43]} {[%emt 00:00:41]} exf3+ {[%clk 00:28:56]} {[%emt 00:01:02]} 36. Kh3
{[%clk 00:33:35]} {[%emt 00:01:39]} Qf1+ {[%clk 00:28:54]} {[%emt 00:00:31]}
37. Kg3 {[%clk 00:32:46]} {[%emt 00:01:19]} Qg2+ {[%clk 00:28:31]} {[%emt
00:00:53]} 38. Kf4 {[%clk 00:32:12]} {[%emt 00:01:02]} Rxb4+ {[%clk 00:28:44]}
{[%emt 00:00:20]} 39. Bd4 {[%clk 00:32:29]} {[%emt 00:00:13]} Qd2+ {[%clk
00:28:53]} {[%emt 00:00:21]} 0-1

[Event "DEM U10 2021"]
[Site "Willingen GER"]
[Date "2021.08.25"]
[Round "5"]
[White "Payyappat, Sayas"]
[Black "Mandalka, Justus"]
[Result "1-0"]
[Termination "normal"]
[Board "5"]
[WhiteElo "1233"]
[BlackElo "1440"]
[WhiteClock "00:44:38"]
[BlackClock "00:08:07"]
[PlyCount "133"]
[WhiteFideId "25659260"]
[BlackFideId "16298144"]
[EventCountry "GER"]
[EventRounds "11"]
[EventType "swiss"]
[EventDate "2021.08.22"]

1. e4 {[%clk 01:15:59]} c5 {[%clk 01:15:53]} {[%emt 00:00:07]} 2. Nf3 {[%clk
01:16:20]} {[%emt 00:00:09]} Nc6 {[%clk 01:16:16]} {[%emt 00:00:07]} 3. d4
{[%clk 01:16:39]} {[%emt 00:00:12]} cxd4 {[%clk 01:16:39]} {[%emt 00:00:07]} 4.
Nxd4 {[%clk 01:17:00]} {[%emt 00:00:09]} g6 {[%clk 01:16:59]} {[%emt 00:00:10]}
5. c4 {[%clk 01:17:08]} {[%emt 00:00:22]} Bg7 {[%clk 01:17:18]} {[%emt
00:00:10]} 6. Be3 {[%clk 01:16:55]} {[%emt 00:00:43]} Nf6 {[%clk 01:17:23]}
{[%emt 00:00:25]} 7. Nc3 {[%clk 01:16:59]} {[%emt 00:00:27]} O-O {[%clk
01:17:24]} {[%emt 00:00:28]} 8. Be2 {[%clk 01:16:57]} {[%emt 00:00:32]} d6
{[%clk 01:17:23]} {[%emt 00:00:31]} 9. Qd2 {[%clk 01:15:59]} {[%emt 00:01:25]}
Bd7 {[%clk 01:17:30]} {[%emt 00:00:26]} 10. f3 {[%clk 01:15:32]} {[%emt
00:00:58]} Nxd4 {[%clk 01:16:49]} {[%emt 00:01:11]} 11. Bxd4 {[%emt 00:00:33]}
Bc6 {[%clk 01:16:56]} {[%emt 00:00:19]} 12. O-O {[%clk 01:15:34]} {[%emt
00:00:27]} Nd7 {[%clk 01:15:55]} {[%emt 00:01:32]} 13. Be3 {[%clk 01:15:29]}
{[%emt 00:00:36]} Nc5 {[%clk 01:15:52]} {[%emt 00:00:33]} 14. Rfd1 {[%clk
01:14:49]} {[%emt 00:01:08]} Qc7 {[%clk 01:14:35]} {[%emt 00:01:48]} 15. b3
{[%clk 01:11:50]} {[%emt 00:03:30]} a6 {[%clk 01:12:56]} {[%emt 00:02:08]} 16.
Rab1 {[%clk 01:11:19]} {[%emt 00:01:00]} Rfd8 {[%clk 01:11:30]} {[%emt
00:01:57]} 17. Qc2 {[%clk 01:09:10]} {[%emt 00:02:36]} a5 {[%clk 01:09:05]}
{[%emt 00:02:59]} 18. Nd5 {[%clk 01:02:54]} {[%emt 00:06:46]} Bxd5 {[%clk
01:08:54]} {[%emt 00:00:41]} 19. Rxd5 {[%clk 01:02:43]} {[%emt 00:00:41]} Rdc8
{[%clk 01:06:14]} {[%emt 00:03:09]} 20. Rbd1 {[%clk 01:01:41]} {[%emt
00:01:33]} Qc6 {[%clk 01:01:11]} {[%emt 00:05:31]} 21. f4 {[%clk 00:55:20]}
{[%emt 00:06:52]} Na6 {[%clk 00:50:06]} {[%emt 00:11:35]} 22. a3 {[%clk
00:54:55]} {[%emt 00:00:56]} Nc7 {[%clk 00:48:39]} {[%emt 00:01:56]} 23. R5d2
{[%clk 00:53:07]} {[%emt 00:02:16]} b6 {[%clk 00:45:32]} {[%emt 00:03:40]} 24.
Bf3 {[%clk 00:52:13]} {[%emt 00:01:21]} Qe8 {[%clk 00:41:34]} {[%emt 00:04:30]}
25. Bxb6 {[%clk 00:51:24]} {[%emt 00:01:19]} Rab8 {[%clk 00:34:58]} {[%emt
00:07:06]} 26. Bf2 {[%clk 00:49:51]} {[%emt 00:02:03]} Nb5 {[%clk 00:33:55]}
{[%emt 00:01:33]} 27. a4 {[%clk 00:46:32]} {[%emt 00:03:50]} Nc7 {[%clk
00:32:42]} {[%emt 00:01:42]} 28. e5 {[%clk 00:46:07]} {[%emt 00:00:55]} dxe5
{[%clk 00:32:42]} {[%emt 00:00:31]} 29. fxe5 {[%clk 00:45:39]} {[%emt
00:00:58]} Bxe5 {[%clk 00:32:38]} {[%emt 00:00:34]} 30. Ba7 {[%clk 00:44:17]}
{[%emt 00:01:51]} Rb4 {[%clk 00:32:44]} {[%emt 00:00:26]} 31. Bc5 {[%clk
00:44:28]} {[%emt 00:00:19]} Rbb8 {[%clk 00:32:57]} {[%emt 00:00:16]} 32. Rd7
{[%clk 00:44:37]} {[%emt 00:00:20]} Bf6 {[%clk 00:32:23]} {[%emt 00:01:06]} 33.
Ba3 {[%clk 00:43:53]} {[%emt 00:01:12]} Na6 {[%clk 00:28:20]} {[%emt 00:04:35]}
34. R7d5 {[%clk 00:42:12]} {[%emt 00:02:09]} Nb4 {[%clk 00:28:24]} {[%emt
00:00:27]} 35. Bxb4 {[%clk 00:42:35]} {[%emt 00:00:07]} axb4 {[%clk 00:28:42]}
{[%emt 00:00:13]} 36. Qa2 {[%clk 00:41:18]} {[%emt 00:01:47]} Rc7 {[%clk
00:25:53]} {[%emt 00:03:19]} 37. a5 {[%clk 00:40:59]} {[%emt 00:00:48]} Ra7
{[%clk 00:25:35]} {[%emt 00:00:49]} 38. a6 {[%clk 00:41:10]} {[%emt 00:00:20]}
e6 {[%clk 00:25:04]} {[%emt 00:01:00]} 39. Ra5 {[%clk 00:40:41]} {[%emt
00:00:57]} Bd8 {[%clk 00:25:21]} {[%emt 00:00:16]} 40. Ra4 {[%clk 00:41:00]}
{[%emt 00:00:09]} e5 {[%clk 00:25:10]} {[%emt 00:00:40]} 41. Bb7 {[%clk
00:41:06]} {[%emt 00:00:25]} Bb6+ {[%clk 00:25:30]} {[%emt 00:00:11]} 42. Kh1
{[%clk 00:41:11]} {[%emt 00:00:24]} Bc5 {[%clk 00:25:25]} {[%emt 00:00:35]} 43.
Ra5 {[%clk 00:40:57]} {[%emt 00:00:45]} Qe7 {[%clk 00:24:08]} {[%emt 00:01:46]}
44. Re1 {[%clk 00:39:13]} {[%emt 00:02:13]} Rd8 {[%clk 00:22:33]} {[%emt
00:02:06]} 45. g3 {[%clk 00:38:06]} {[%emt 00:01:36]} f5 {[%clk 00:21:19]}
{[%emt 00:01:45]} 46. Qe2 {[%clk 00:37:08]} {[%emt 00:01:24]} e4 {[%clk
00:18:08]} {[%emt 00:03:46]} 47. Bd5+ {[%clk 00:36:44]} {[%emt 00:00:53]} Kg7
{[%clk 00:16:32]} {[%emt 00:02:06]} 48. g4 {[%clk 00:35:33]} {[%emt 00:01:42]}
Bd4 {[%clk 00:14:22]} {[%emt 00:02:40]} 49. gxf5 {[%clk 00:35:41]} {[%emt
00:00:21]} gxf5 {[%clk 00:14:39]} {[%emt 00:00:14]} 50. Qg2+ {[%clk 00:36:03]}
{[%emt 00:00:06]} Kh8 {[%clk 00:14:09]} {[%emt 00:01:01]} 51. Rd1 {[%clk
00:34:58]} {[%emt 00:01:33]} e3 {[%clk 00:13:06]} {[%emt 00:01:36]} 52. Qe2
{[%clk 00:33:26]} {[%emt 00:02:02]} Qe5 {[%clk 00:11:11]} {[%emt 00:02:26]} 53.
Rb5 {[%clk 00:32:35]} {[%emt 00:01:15]} Rg7 {[%clk 00:10:14]} {[%emt 00:01:32]}
54. Bf3 {[%clk 00:31:49]} {[%emt 00:01:14]} Qe7 {[%clk 00:09:43]} {[%emt
00:01:03]} 55. Rxf5 {[%clk 00:31:20]} {[%emt 00:00:59]} Rdg8 {[%clk 00:09:33]}
{[%emt 00:00:40]} 56. Bd5 {[%clk 00:30:48]} {[%emt 00:01:03]} Ba7 {[%clk
00:07:30]} {[%emt 00:02:33]} 57. Bxg8 {[%clk 00:30:53]} {[%emt 00:00:21]} Qe4+
{[%clk 00:04:53]} {[%emt 00:03:09]} 58. Rf3 {[%clk 00:30:36]} {[%emt 00:00:47]}
Bd4 {[%clk 00:15:15]} {[%emt 00:05:10]} 59. Bd5 {[%clk 00:45:34]} {[%emt
00:00:28]} Qe7 {[%clk 00:14:06]} {[%emt 00:01:42]} 60. Rxd4 {[%clk 00:45:27]}
{[%emt 00:00:36]} Rg5 {[%clk 00:09:07]} {[%emt 00:05:29]} 61. Re4 {[%clk
00:45:23]} {[%emt 00:00:35]} Qd8 {[%clk 00:09:17]} {[%emt 00:00:20]} 62. Qxe3
{[%clk 00:45:17]} {[%emt 00:00:34]} Rxd5 {[%clk 00:07:06]} {[%emt 00:02:43]}
63. Re8+ {[%clk 00:45:33]} {[%emt 00:00:11]} Kg7 {[%clk 00:07:27]} {[%emt
00:00:12]} 64. Rxd8 {[%clk 00:44:05]} {[%emt 00:00:15]} Rh5 {[%clk 00:07:24]}
{[%emt 00:02:17]} 65. Qe7+ {[%clk 00:44:16]} {[%emt 00:00:13]} Kg6 {[%clk
00:07:41]} {[%emt 00:00:17]} 66. Rg8+ {[%clk 00:44:38]} {[%emt 00:00:06]} Kh6
{[%clk 00:08:07]} {[%emt 00:00:07]} 67. Qe6# {[%emt 00:01:29]} 1-0

[Event "DEM U10 2021"]
[Site "Willingen GER"]
[Date "2021.08.25"]
[Round "5"]
[White "Wartenberg, Alexander"]
[Black "Shen, Tingrui"]
[Result "1/2-1/2"]
[Termination "normal"]
[Board "6"]
[WhiteElo "1424"]
[BlackElo "1508"]
[WhiteClock "00:44:02"]
[BlackClock "00:44:40"]
[PlyCount "76"]
[WhiteFideId "16280768"]
[BlackFideId "34603441"]
[EventCountry "GER"]
[EventRounds "11"]
[EventType "swiss"]
[EventDate "2021.08.22"]

1. e4 {[%clk 01:15:56]} {[%emt 00:00:04]} c5 {[%clk 01:15:43]} {[%emt
00:00:16]} 2. Nf3 {[%clk 01:16:09]} {[%emt 00:00:16]} g6 {[%clk 01:16:01]}
{[%emt 00:00:13]} 3. c4 {[%clk 01:15:05]} {[%emt 00:01:35]} Bg7 {[%clk
01:16:04]} {[%emt 00:00:25]} 4. d4 {[%clk 01:15:24]} {[%emt 00:00:12]} cxd4
{[%clk 01:16:23]} {[%emt 00:00:10]} 5. Nxd4 {[%clk 01:15:51]} {[%emt 00:00:04]}
Nc6 {[%clk 01:16:39]} {[%emt 00:00:14]} 6. Be3 {[%clk 01:16:17]} {[%emt
00:00:05]} Nf6 {[%clk 01:16:51]} {[%emt 00:00:16]} 7. Nc3 {[%clk 01:16:44]}
{[%emt 00:00:04]} Ng4 {[%clk 01:16:47]} {[%emt 00:00:33]} 8. Qxg4 {[%clk
01:17:02]} {[%emt 00:00:13]} Nxd4 {[%clk 01:17:06]} {[%emt 00:00:11]} 9. Bxd4
{[%clk 01:17:23]} {[%emt 00:00:10]} Bxd4 {[%clk 01:16:53]} {[%emt 00:00:41]}
10. Qd1 {[%clk 01:17:43]} {[%emt 00:00:11]} Bxc3+ {[%clk 01:15:33]} {[%emt
00:01:49]} 11. bxc3 {[%clk 01:18:08]} {[%emt 00:00:07]} Qa5 {[%clk 01:15:32]}
{[%emt 00:00:30]} 12. Qd2 {[%clk 01:16:39]} {[%emt 00:01:59]} d6 {[%clk
01:15:22]} {[%emt 00:00:40]} 13. Be2 {[%clk 01:16:41]} {[%emt 00:00:21]} Be6
{[%clk 01:14:57]} {[%emt 00:01:02]} 14. O-O {[%clk 01:16:48]} {[%emt 00:00:16]}
Rc8 {[%clk 01:14:48]} {[%emt 00:00:45]} 15. Qd4 {[%clk 01:15:13]} {[%emt
00:02:07]} f6 {[%clk 01:10:17]} {[%emt 00:04:59]} 16. Rfb1 {[%clk 01:09:43]}
{[%emt 00:06:01]} b6 {[%clk 01:08:31]} {[%emt 00:02:16]} 17. Rb5 {[%clk
01:05:58]} {[%emt 00:04:16]} Qa4 {[%clk 01:04:46]} {[%emt 00:04:15]} 18. Rb4
{[%clk 01:06:14]} {[%emt 00:00:13]} Qc6 {[%clk 01:03:34]} {[%emt 00:01:42]} 19.
a4 {[%clk 01:01:43]} {[%emt 00:05:02]} Kf7 {[%clk 00:58:02]} {[%emt 00:06:02]}
20. a5 {[%clk 01:01:17]} {[%emt 00:00:56]} Ra8 {[%clk 00:55:39]} {[%emt
00:02:49]} 21. axb6 {[%clk 01:00:54]} {[%emt 00:00:57]} axb6 {[%clk 00:55:20]}
{[%emt 00:00:48]} 22. Rab1 {[%clk 01:01:15]} {[%emt 00:00:10]} Rhb8 {[%clk
00:55:08]} {[%emt 00:00:41]} 23. h3 {[%clk 01:00:43]} {[%emt 00:01:02]} Ra2
{[%clk 00:53:07]} {[%emt 00:02:30]} 24. Bf1 {[%clk 01:00:17]} {[%emt 00:00:58]}
Qc7 {[%clk 00:52:06]} {[%emt 00:01:30]} 25. Rxb6 {[%clk 00:52:13]} {[%emt
00:08:34]} Rxb6 {[%clk 00:51:31]} {[%emt 00:01:05]} 26. Rxb6 {[%clk 00:51:53]}
{[%emt 00:00:50]} Ra1 {[%clk 00:51:24]} {[%emt 00:00:37]} 27. Rb4 {[%clk
00:51:59]} {[%emt 00:00:24]} Qc5 {[%clk 00:51:16]} {[%emt 00:00:37]} 28. f3
{[%clk 00:50:31]} {[%emt 00:02:00]} Rd1 {[%clk 00:51:20]} {[%emt 00:00:26]} 29.
Qxc5 {[%clk 00:50:10]} {[%emt 00:00:51]} dxc5 {[%clk 00:51:12]} {[%emt
00:00:37]} 30. Ra4 {[%clk 00:50:26]} {[%emt 00:00:15]} Rc1 {[%clk 00:50:26]}
{[%emt 00:01:15]} 31. Kf2 {[%clk 00:49:18]} {[%emt 00:01:38]} Rxc3 {[%clk
00:48:41]} {[%emt 00:02:15]} 32. Kg3 {[%clk 00:49:03]} {[%emt 00:00:45]} Rc1
{[%clk 00:47:09]} {[%emt 00:02:02]} 33. Be2 {[%clk 00:48:57]} {[%emt 00:00:36]}
Rc2 {[%clk 00:47:12]} {[%emt 00:00:27]} 34. Bf1 {[%clk 00:48:57]} {[%emt
00:00:31]} h5 {[%clk 00:46:23]} {[%emt 00:01:17]} 35. Ra5 {[%clk 00:43:33]}
{[%emt 00:05:56]} Rc3 {[%emt 00:01:23]} 36. Rxc5 {[%emt 00:00:16]} Rc1 {[%clk
00:44:40]} {[%emt 00:00:33]} 37. Be2 {[%clk 00:43:38]} {[%emt 00:00:25]} Rc2
{[%clk 00:44:40]} {[%emt 00:00:30]} 38. Kf2 {[%clk 00:44:02]} {[%emt 00:00:06]}
h4 {[%emt 00:04:49]} 1/2-1/2